| 000 | 00657nam a2200193Ii 4500 | ||
|---|---|---|---|
| 003 | JO-AjNU | ||
| 008 | 230605s9999||||xx |||||||||||||| ||und|| | ||
| 040 |
_aJO-AjNU _bara _erda _cJO-AjNU |
||
| 041 | _aara | ||
| 050 | 1 | 4 | _aQR41.2 .M54 1981 |
| 100 | 3 |
_aعبيد ، ميخائيل , _eauthor _916552 |
|
| 245 | 0 | 0 | _aعلم الجراثيم: الجراثيم والطفيليات |
| 264 | 3 | 1 | _aدمشق:مطبعة الداودي ، 1981 |
| 300 |
_a281ص _bصور توضيحية |
||
| 336 |
_atext _btxt _2rdacontent |
||
| 337 |
_aunmediated _bn _2rdamedia |
||
| 338 |
_avolume _bnc _2rdacarrier |
||
| 650 | 4 |
_aالاحياء الدقيقة-جراثيم _916553 |
|
| 999 |
_aA4933 _c8501 _d8501 |
||